| 000 | 00767nam0a22002291 4500 | ||
|---|---|---|---|
| 001 | rc\1051060 | ||
| 005 | 20041129103715.7 | ||
| 035 | _a(NLR Aleph) 006212540 | ||
| 090 |
_a6383835 _c6383835 |
||
| 100 | _a20041129d1981 u |0rusy50 ca | ||
| 101 | 0 | _arus | |
| 102 | _aRU | ||
| 105 | _aa ||||||||| | ||
| 200 | 1 |
_aОкно в XXI век _e[Волгодон. з-д "Атоммаш"] _eСб. докум. повестей и очерков _f[Сост. В.П. Гербачевский] |
|
| 210 |
_aМ. _cПрофиздат _d1981 |
||
| 215 |
_a416 с., 16 л. ил. _d22 |
||
| 702 | 1 |
_aГербачевский _bВ. П. _gВиталий Петрович _4220 |
|
| 801 | 0 |
_aRU _bNLR _gpsbo |
|
| 801 | 1 |
_aRU _bELAR _2rusmarc |
|
| 852 |
_aNLR _j82-5/2605 |
||
| 942 | _cBOOK | ||
| 980 | _aNB | ||